The splendour of Mathura art and museum / (Record no. 893408)

MARC details
000 -LEADER
fixed length control field 01017nam a2200313 a 4500
001 - CONTROL NUMBER
control field vtls001440903
003 - CONTROL NUMBER IDENTIFIER
control field NLI
005 - DATE AND TIME OF LATEST TRANSACTION
control field 20210627122304.0
008 - FIXED-LENGTH DATA ELEMENTS--GENERAL INFORMATION
fixed length control field 121130t19941993ii ab 001 0 eng
020 ## - INTERNATIONAL STANDARD BOOK NUMBER
International Standard Book Number 8124600155
Terms of availability Rs. 350.00
039 #9 - LEVEL OF BIBLIOGRAPHIC CONTROL AND CODING DETAIL [OBSOLETE]
-- 201211301657
-- VLOAD
040 ## - CATALOGING SOURCE
Original cataloging agency NLI
Language of cataloging eng
Transcribing agency Datasoft_GENG
Description conventions AACR2
041 0# - LANGUAGE CODE
Language code of text/sound track or separate title eng
044 ## - COUNTRY OF PUBLISHING/PRODUCING ENTITY CODE
MARC country code ii
082 04 - DEWEY DECIMAL CLASSIFICATION NUMBER
Classification number 730.9542
100 1# - MAIN ENTRY--PERSONAL NAME
Personal name Sharma, R. C
Fuller form of name (Ramesh Chandra),
Dates associated with a name 1936-
9 (RLIN) 780467
245 14 - TITLE STATEMENT
Title The splendour of Mathura art and museum /
Statement of responsibility, etc. R. C. Sharma
260 ## - PUBLICATION, DISTRIBUTION, ETC.
Place of publication, distribution, etc. New Delhi :
Name of publisher, distributor, etc. D.K. Printworld,
Date of publication, distribution, etc. 1994 c1993
300 ## - PHYSICAL DESCRIPTION
Extent 211 p :
Other physical details ill. (some col.), map ;
Dimensions 25 cm.
440 #0 - SERIES STATEMENT/ADDED ENTRY--TITLE
Title Perspectives in Indian art & archaeology ;
Volume/sequential designation no. 1
9 (RLIN) 1005852
504 ## - BIBLIOGRAPHY, ETC. NOTE
Bibliography, etc. note Includes bibliographical references and index
650 #0 - SUBJECT ADDED ENTRY--TOPICAL TERM
Topical term or geographic name entry element Art
General subdivision Mathura (Uttar Pradesh, India)
9 (RLIN) 1005853
887 ## - NON-MARC INFORMATION FIELD
Content of non-MARC field
901 ## - LOCAL DATA ELEMENT A, LDA (RLIN)
a DB67897
b 05.01.1996
902 ## - LOCAL DATA ELEMENT B, LDB (RLIN)
a E/O 730.9542 Sh 23
904 ## - LOCAL DATA ELEMENT D, LDD (RLIN)
l 2496
949 ## - LOCAL PROCESSING INFORMATION (OCLC)
-- VIRTUAITEM
-- 10000
-- 100
6 DBA000067897ENG
942 ## - ADDED ENTRY ELEMENTS (KOHA)
Source of classification or shelving scheme Dewey Decimal Classification
Koha item type Books
Holdings
Withdrawn status Lost status Damaged status Not for loan Collection code Home library Current library Shelving location Date acquired Total Checkouts Full call number Barcode Date last seen Price effective from Koha item type
        New English Oversized National Library of India National Library of India New English Oversized - Main Stack Division     E/O 730.9542 Sh 23 DBA000067897ENG 27/06/2021 27/06/2021 Books
                                                                           
web counter

Copyright ©2020 The National Library of India, Govt. of India ↔ Hosted by NVLI, MOC ↔ Technology and Design by National Library of India, Ministry of Culture, Govt. of India